Statistiques concernant Culture Générale - Série 212

Cliquez ici pour prendre le quiz!

Statistiques générales

  • Ce quiz a été pris 246 fois
  • Le résultat moyen est 5 sur 10

Statistiques - réponses

QuestionRéponse% Correct
Quelle est la monnaie de la principauté de Monaco ?L'euro
93%
Au Maroc, quel ragoût porte le nom du plat dans lequel il cuit ?Le tajine
84%
Depuis 1972, quel est le nom de l'île de Ceylan ?Sri Lanka
64%
Dans l'un des génériques de la série "Friends", où se baignent les 6 amis ?Dans une fontaine
54%
Quelle religieuse était l'interprète de "Dominique", un tube de 1963 ?Soeur Sourire
48%
Quelle locution latine signifie : "L'erreur est humaine" ?Errare humanum est
40%
De quel chanteur Tom Novembre est-il le frère ?CharlElie Couture
34%
A quel ordre d'insectes appartient la coccinelle ?Les coléoptères
29%
A quel écrivain doit-on le roman "Thérèse Desqueyroux" ?François Mauriac
28%
Quel nom désigne une vieille voiture et un petit instrument de musique ?La guimbarde
26%

Distribution des résultats

Percentile par nombre de réponses

% des personnes avec chaque résultat

Votre développement - résultats

Vous n’avez pas pris ce quiz